Normal view
MARC view
Entry Personal Name
001 - CONTROL NUMBER
- control field: 32384
003 - CONTROL NUMBER IDENTIFIER
- control field: dpl
005 - DATE AND TIME OF LATEST TRANSACTION
- control field: 20110810160016.0
008 - FIXED-LENGTH DATA ELEMENTS
- fixed length control field: 110810|||a|||||| | ||| d
040 ## - CATALOGING SOURCE
- Original cataloging agency: dpl
- Transcribing agency: dpl
100 ## - HEADING--PERSONAL NAME
- Personal name: Grint, Rupert,
- Dates associated with a name: 1988-
- Relator term: cast.
670 ## - SOURCE DATA FOUND
- Source citation: Work cat.: (dpl)0: Harry Potter and the Half-Blood Prince /, c2011.
670 ## - SOURCE DATA FOUND
- Source citation: Work cat.: (dpl)0: Harry Potter and the Half-Blood Prince /, c2011.
